000 00288nam a22001337a 4500
008 170306b xxu||||| |||| 00| 0 eng d
020 _a0471876100
041 _aeng
080 _27TH
_a575
100 _a6
101 _aSHM
245 _aPRINCIPLES OF GENETICS
_cGARDNER
942 _2udc
_cBK
999 _c6819
_d6819